000 01150nam0a22002771 4500
001 rc\581281
005 20260407093532.0
035 _a(NLR Aleph) 005828949
090 _a5559426
_c5559426
100 _a20031121d1987 |||y0rusy50 ca
101 0 _arus
102 _aRU
105 _aa |||||||||
200 1 _aНовые физические методы в биологических исследованиях
_e[Сб. ст.]
_fАН СССР, Ин-т биол. физики
_gОтв. ред. Г.Н. Берестовский
210 _aМ.
_cНаука
_d1987
215 _a215, [1] с.
_cил.
_d22
225 1 _aСерия "Теоретическая и прикладная биофизика"
320 _aБиблиогр. в конце ст.
702 1 _4340
_7ca
_8rus
_aБерестовский
_bГ. Н.
_f1929-2010
_gГенрих Николаевич
_9249330
_3RU\NLR\AUTH\770249386
712 0 2 _aИнститут биологической физики
_cМосква
_9330513
_3RU\NLR\AUTH\889917173
801 0 _aRU
_bNLR
_gpsbo
801 1 _aRU
_bELAR
_2rusmarc
852 _aNLR
_j87-5/2295
942 _cBOOK
980 _aNB